000 00956nam0a22002531 4500
001 RU\NLR\A1SV\111368
005 20251203171251.9
035 _a(NLR Aleph) 009792721
090 _a10143441
_c10143441
100 _a20110708d1920 u y0rusy50 ca
101 0 _arus
102 _aRU
200 1 _aАграрный вопрос в Ставропольской губернии
_e(Стат.-экон. исслед.)
_eС картой с.-х.-экон. р-нов губернии и с потреб.-труд. нормами зем. обеспечения крестьянства
_fС.Кузницкий
210 _aСтаврополь-Губ.
_cСтавропол. губ. зем. отд.
_d1920
215 _aVIII, 93 с.
_cкарт.
_d26 см
620 _dСтаврополь
700 1 _aКузницкий
_bС.
801 0 _aRU
_bNLR
_c20110708
899 _aРГБ
899 _aРГБ
942 _cBOOK
980 _aNB
980 _aA1SV